مكتبة جامعة عجلون الوطنية

فهرس بحث المكتبة

مقياس جيليام لتشخيص التوحدية: كراسة التعليمات والاسئلة (Record no. 3862)

MARC details
000 -LEADER
fixed length control field 00801nam a2200205Ii 4500
003 - CONTROL NUMBER IDENTIFIER
control field JO-AjNU
008 - FIXED-LENGTH DATA ELEMENTS--GENERAL INFORMATION
fixed length control field 230605s9999||||xx |||||||||||||| ||und||
017 ## - COPYRIGHT OR LEGAL DEPOSIT NUMBER
Copyright or legal deposit number 2004/21444
040 ## - CATALOGING SOURCE
Original cataloging agency JO-AjNU
Language of cataloging ara
Description conventions rda
Transcribing agency JO-AjNU
041 ## - LANGUAGE CODE
Language code of text/sound track or separate title ara
050 14 - LIBRARY OF CONGRESS CALL NUMBER
Classification number BF431.2004
100 3# - MAIN ENTRY--PERSONAL NAME
Personal name عبد الرحمن، محمد السيد,
Relator term author
9 (RLIN) 7468
245 00 - TITLE STATEMENT
Title مقياس جيليام لتشخيص التوحدية: كراسة التعليمات والاسئلة
264 31 - PRODUCTION, PUBLICATION, DISTRIBUTION, MANUFACTURE, AND COPYRIGHT NOTICE
Place of production, publication, distribution, manufacture القاهرة:دار السحاب للطباعة والنشر والتوزيع ،2004
300 ## - PHYSICAL DESCRIPTION
Extent 92ص
Other physical details كراسة الاسئلة ص1-ص10
336 ## - CONTENT TYPE
Content type term text
Content type code txt
Source rdacontent
337 ## - MEDIA TYPE
Media type term unmediated
Media type code n
Source rdamedia
338 ## - CARRIER TYPE
Carrier type term volume
Carrier type code nc
Source rdacarrier
650 #4 - SUBJECT ADDED ENTRY--TOPICAL TERM
Topical term or geographic name entry element مرض التوحد-مقياس جيليام التقديري
9 (RLIN) 7469
Holdings
Withdrawn status Lost status Source of classification or shelving scheme Damaged status Not for loan Home library Current library Shelving location Date acquired Total Checkouts Full call number Barcode Date last seen Price effective from Koha item type
    Library of Congress Classification     مكتبة جامعة عجلون الوطنية مكتبة جامعة عجلون الوطنية المجموعات العامة 06/06/2023   BF431.2004 A294 06/06/2023 06/06/2023 Books